000 00806nas1a22002411i 4500
001 RU\NLR\Per\688312
005 20241105164442.0
035 _a(NLR Aleph) 003156243
090 _a3056227
_c3056227
100 _a20100616a20099999|||y0rusy50 ca
101 0 _arus
102 _aRU
110 _aau|||||||||
200 1 _aКарачаево-Черкесия
_eжурнал
210 _aЧеркесск
_c[б. и.]
_d2009 -
607 _aКарачаево-Черкесия, Республика
_jПериодические издания
_92081251
_3RU\NLR\AUTH\661257228
686 1 _aТ3(2Р-4Ст-6К)я54
852 _aNLR
_jП23/7830
942 _cJOURNAL
980 _aRUSPER